00490nam a22001457a 4500020001800000040000900018082001700027100002600044245004100070260004700111650004900158942001200207999001900219952010600238 a9780471572558 cNust a670.427bASF aC, Ray Asfahl9126330 aRobots and manufacturing automation  aNew York:bJohn Wiley and sons inc,c1992. aRobots and manufacturing automation 9126331 2ddccBK c612285d612285 00102ddc4070aCEMEbCEMEcGENd2024-11-11l0o670.427 ASFpCEME- 31842r2024-11-11w2024-11-11yBK